Antioch College: Its Design for Liberal Education. (Record no. 1020)

MARC details
000 -LEADER
fixed length control field 00401nam a22001217a 4500
005 - DATE AND TIME OF LATEST TRANSACTION
control field 20200821091000.0
008 - FIXED-LENGTH DATA ELEMENTS--GENERAL INFORMATION
fixed length control field 200821b ||||| |||| 00| 0 eng d
020 ## - INTERNATIONAL STANDARD BOOK NUMBER
International Standard Book Number 10802
040 ## - CATALOGING SOURCE
Transcribing agency CML
245 ## - TITLE STATEMENT
Title Antioch College: Its Design for Liberal Education.
Statement of responsibility, etc. Henderson, A.D. & Hall, D.
260 ## - PUBLICATION, DISTRIBUTION, ETC.
Place of publication, distribution, etc. London
Name of publisher, distributor, etc. Happer & Brothers Publishers
Date of publication, distribution, etc. 1946
942 ## - ADDED ENTRY ELEMENTS (KOHA)
Source of classification or shelving scheme Dewey Decimal Classification
Koha item type Books
Edition 1st Edition
Classification part 378.7
Call number suffix HEN
Holdings
Withdrawn status Lost status Source of classification or shelving scheme Damaged status Not for loan Collection code Home library Current library Shelving location Date acquired Total Checkouts Full call number Date last seen Copy number Price effective from Koha item type
    Dewey Decimal Classification     Social Sciences Chalimbana Main Library Chalimbana Main Library Social Sciences 08/21/2020   378.7 HEN 08/21/2020 1 08/21/2020 Books

Powered by Koha